| 000 | 01647cam a2200481 a 4500 | ||
|---|---|---|---|
| 999 |
_c23968 _d23968 |
||
| 001 | vtls009492131 | ||
| 005 | 20251024080519.0 | ||
| 008 | 160208s2009 xo a g 000 0 slo | ||
| 020 | _a9788080711139 (viaz.) | ||
| 035 | _aA7B64652-F7C3-459D-9B2C-11C57291F0ED | ||
| 035 | _aurn:nbn:sk:snk-amk8bt | ||
| 035 | _aurn:nbn:sk:snk-am008cuv | ||
| 040 |
_aPOKPOH _bslo _cPOKPOH _dSNK _eAACR2 |
||
| 041 | 0 | _aslo | |
| 044 |
_axo _cSK |
||
| 072 | 7 |
_a17 _xEtika. Morálna filozofia _2konspekt |
|
| 072 | 7 |
_a27-4 _xPraktická teológia. Morálna teológia _2konspekt |
|
| 080 |
_a316.64 _22001 |
||
| 080 |
_a17.02 _22001 |
||
| 080 |
_a159.923.5 _22001 |
||
| 080 |
_a(0:82-32) _22001 |
||
| 080 |
_a27-47 _22001 |
||
| 080 |
_a316.472.4 _22001 |
||
| 080 |
_a(0:82-84) _22001 |
||
| 080 |
_a27-4 _22001 |
||
| 245 | 0 | 0 |
_aPoďme sa rozprávať _bďalších 15 zaujímavých kapitol zo života _c[spracovali Marcela a Stanislav Bielikovci ; ilustrácie Branislav Matis na motívy kresieb Olgy Pazerini] |
| 250 | _a1. vyd. | ||
| 260 |
_aVrútky _bAdvent-Orion _c2009 |
||
| 300 |
_a269 s. _bilustr. _c22 cm |
||
| 490 | 1 | _aPrameň | |
| 650 | 0 | 7 |
_aživotné postoje _2SNKPH _94492 |
| 650 | 0 | 7 |
_aživotná múdrosť _2SNKPH _91966 |
| 650 | 0 | 7 |
_akresťanská výchova _2SNKPH _94835 |
| 650 | 0 | 7 |
_asebavýchova _2SNKPH _91949 |
| 650 | 0 | 7 |
_ainterpersonálne vzťahy _2SNKPH _91969 |
| 650 | 7 |
_akresťanský život _2SNKPH _92276 |
|
| 655 | 7 |
_apríbehy _2SNKPH _92455 |
|
| 655 | 7 |
_acitáty _2SNKPH _95073 |
|
| 700 | 1 |
_aBieliková, Marcela _4com _95074 |
|
| 700 | 1 |
_aBielik, Stanislav _4com _95075 |
|
| 700 | 1 |
_aMatis, Branislav, _d1978- _4ill _95076 |
|
| 958 | _aNT | ||